000
00342nam a2200145Ia 4500
100
_a
Acharya/B.K/ Govekar/P.S
942
_c
BK
654
_a
Business Organisation
245
_a
Principles Of Business Organisation
260
_b
A.R .Seth & Co
_a
Bombay
_c
1970
082
_a
658
_b
Ach/Gov
300
_a
590
546
_a
ENGLISH
999
_c
28733
_d
28733